Представление документа в формате MARC21

ПолеНазваниеЗначение
  Тип записи a
  Библиографический уровень m
001 Контрольный номер BIBLIOCLUB\0000573812
005 Дата корректировки 20220829112749.2
006 m o d
007 Элементы данных для физической характеристики c|||||||||||||
008 Кодируемые данные s2018 rus o rus d
020 Индекс ISBN __
a ISBN 978-5-8353-2269-5
041 Код языка издания 0_
a Код языка текста rus
084 Индекс другой классификации/Индекс ББК __
a Индекс другой классификации/Индекс ББК 67.407.1я73
b Номер единицы LBC/PL
2 Источник индекса rubbk
100 Автор 1_
a Автор Лисина Н. Л.
245 Заглавие 10
a Заглавие Земельное право
b Продолж. заглавия практикум
c Ответственность Н. Л. Лисина
c Ответственность Кемеровский государственный университет
260 Выходные данные __
a Место издания Кемерово
b Издательство Кемеровский государственный университет
c Дата издания 2018
300 Физическое описание __
a Объем 170 с.
653 Ключевые слова 1_
a Ключевые слова Учебник для высшей школы
856 Электронный адрес документа 40
3 Область применения данных поля Университетская библиотека ONLINE
u URL https://biblioclub.ru/index.php?page=book&id=573812